000 00671nam a22002177a 4500
003 UA-OsUOA
001 58158
007 ta
008 20090128b un ||||| |||| 00| 0 ukr d
100 _aЯстребцева А.В.
090 _a101
_bЯ-67
942 _cSA
040 _aUA-OsUOA
_brus
_cUA-OsUOA
_dUA-OsUOA
245 _aРеспубликанский элитаризм и принцип равенства в период третьей республики во Франции
300 _aС.7-21
955 _a0
041 _arus
080 _a101
773 0 _w58156
_tФилософские науки
_dМ.
_d2008
_g11
650 7 _a32 Політика
_2UDC
999 _c344246
_d344246